Moral
Spremljeno u:
| Glavni autor: | |
|---|---|
| Format: | Knjiga |
| Jezik: | španjolski |
| Izdano: |
Barcelona
Editorial Laia
1986
|
| Teme: | |
| Oznake: |
Dodaj oznaku
Bez oznaka, Budi prvi tko označuje ovaj zapis!
|
MARC
| LEADER | 00000nam a2200000 a 4500 | ||
|---|---|---|---|
| 001 | UCS3180 | ||
| 003 | CL-VaPUC | ||
| 008 | 970620e19860000SP |||||||||||||||||spa|d | ||
| 082 | 0 | 4 | |a 170 |b RUB |2 21 |
| 100 | 0 | |a Rubert de Ventós, Xavier |e author |9 389196 | |
| 245 | 1 | 0 | |a Moral |
| 300 | |a 142 p | ||
| 942 | |c BK | ||
| 945 | |d 19970620 00:00:00 |a aalvarez | ||
| 260 | |a Barcelona |b Editorial Laia |c 1986 | ||
| 650 | 0 | |a Filosofía moral |9 310115 | |
| 650 | 7 | |a PLACER |2 CL-VaPUC |9 321616 | |
| 650 | 0 | |a Libertad |9 255686 | |
| 650 | 0 | |a Autorrealización |9 309565 | |
| 650 | 7 | |a OBJETIVISMO |2 CL-VaPUC |9 369283 | |
| 650 | 7 | |a SUBJETIVISMO |2 CL-VaPUC |9 370133 | |
| 650 | 7 | |a PLURALISMO |2 CL-VaPUC |9 328303 | |
| 650 | 0 | |a Igualdad |9 258477 | |
| 650 | 0 | |a Entropía |9 262675 | |
| 583 | |a last modification |c 19970620 00:00:00 |k Rodrigo Vera | ||
| 999 | |c 260982 |d 260980 | ||
| 952 | |0 0 |1 2 |4 0 |6 170_000000000000000_RUB_1986 |7 0 |8 A |9 287717 |a BIBTEO |b BIBTEO |d 2019-11-19 |i 3305236 |o 170 RUB 1986 |p 3305236 |r 2019-11-19 |w 2019-11-19 |x Descarte 2019 |y BK |k ICR | ||